000 00625nam a2200121Ia 4500
008 220615s9999||||xx |||||||||||||| ||und||
245 0 _aResilience: A New Paradigm of Nuclear Safety: From Accident Mitigation to Resilient Society Facing Extreme Situations
546 _aEnglish[eng]
650 _anuclear safety||decision making
700 _aAhn, Joonhong||Guarnieri, Franck||Furuta, Kazuo
856 _uhttps://library.oapen.org/bitstream/20.500.12657/27820/1/1002185.pdf||https://library.oapen.org/bitstream/20.500.12657/27820/1/1002185.pdf||https://library.oapen.org/bitstream/20.500.12657/27820/1/1002185.pdf
942 _cEB
999 _c8659
_d8659